000
00342nam a2200157Ia 4500
003
OSt
005
20231211070022.0
008
170524s9999 xx 000 0 und d
020
_a
81-7391-234-3
040
_c
iimt
100
_a
Ratandeep Singh
245
0
_a
Tourism in India
260
_b
Kanishka Pub.
260
_c
2004
942
_2
ddc
_c
02
999
_c
6776
_d
6776